000 00834nam a2200265Ia 4500
003 OSt
005 20220923225538.0
006 a|||||r|||| 00| 0
007 ta
008 220922b |||||||| |||| 00| 0 mal d
024 _a270,888
037 _cTextual
040 _aARTS
_cARTS
_bmal
041 _2mal
_amal
082 _aO32,1M78w, 152M2
100 _aबी हृदयकुमारी
_9162399
245 0 _aवल्लत्तोल
246 _aVallattola
260 _aदिल्ली
_b साहित्य अकादेमी
_c1982
300 _a82पृ0
_ccm.
490 _aHkkjrh; lkfgR; ds fuekZrk
650 _aमलयालम साहित्य
_9156264
942 _hO32,1M78w, 152M2
_cTEXL
_2CC
999 _c378989
_d378989